Director's guide to management techniques, with register of consultants and advisory organisations (Record no. 343626)

000 -LEADER
fixed length control field 00517cam a22001457a 4500
008 - FIXED-LENGTH DATA ELEMENTS--GENERAL INFORMATION
fixed length control field 180718b1970 xxu||||| |||| 00| 0 eng d
082 ## - DEWEY DECIMAL CLASSIFICATION NUMBER
Classification number I5 D628
245 ## - TITLE STATEMENT
Title Director's guide to management techniques, with register of consultants and advisory organisations
Statement of responsibility, etc. edited by Dennis Lock and Gerard Tecernier
260 ## - PUBLICATION, DISTRIBUTION, ETC.
Place of publication, distribution, etc. London
Name of publisher, distributor, etc. Director's Bookshelf
Date of publication, distribution, etc. 1970
300 ## - PHYSICAL DESCRIPTION
Extent 422p.
650 ## - SUBJECT ADDED ENTRY--TOPICAL TERM
Topical term or geographic name entry element Business consultants --Directories
650 ## - SUBJECT ADDED ENTRY--TOPICAL TERM
Topical term or geographic name entry element Industrial management
700 ## - ADDED ENTRY--PERSONAL NAME
Personal name Tecernier, Gerard
700 ## - ADDED ENTRY--PERSONAL NAME
Personal name Lock, Dennis
Holdings
Withdrawn status Lost status Damaged status Not for loan Permanent Location Current Location Date acquired Full call number Barcode Date last seen Price effective from Koha item type
        Indian Institute of Public Administration Indian Institute of Public Administration 1993-09-29 I5 D628 46768 2018-07-21 2018-07-21 Book

Powered by Koha